[Event "Reykjavik Open"]
[Site "Reykjavik ISL"]
[Date "2012.03.12"]
[Round "8.23"]
[White "Jensson, Einar Hjalti"]
[Black "Zumsande, Martin"]
[Result "1-0"]
[BlackTitle "IM"]
[WhiteElo "2245"]
[BlackElo "2439"]
[WhiteFideId "2301067"]
[BlackFideId "4651324"]
[EventDate "2012.03.06"]

1. e4 e6 2. d4 d5 3. Nc3 Nf6 4. Bg5 Be7 5. e5 Nfd7 6. Bxe7 Qxe7 7. f4 a6 8. Nf3
c5 9. a3 Nc6 10. Bd3 f6 11. O-O O-O 12. exf6 Qxf6 13. dxc5 Qxf4 14. b4 Nf6 15.
Qc1 Qxc1 16. Raxc1 Bd7 17. Rfe1 Rae8 18. Ne5 Nxe5 19. Rxe5 Bc6 20. Rce1 d4 21.
Ne2 Rd8 22. Rxe6 Rfe8 23. Bc4 Rxe6 24. Bxe6+ Kf8 25. Bc4 Be4 26. Nf4 Bf5 27. Re5
g6 28. Rxf5 gxf5 29. Ne6+ Ke7 30. Nxd8 Kxd8 31. Bd3 f4 32. Kf2 a5 33. bxa5 Kc7
34. Kf3 Kc6 35. Be4+ 1-0

[Event "Reykjavik Open"]
[Site "Reykjavik ISL"]
[Date "2012.03.12"]
[Round "8.24"]
[White "Trella, Thomas"]
[Black "Friedrichs, Klaus"]
[Result "1/2-1/2"]
[WhiteTitle "FM"]
[WhiteElo "2410"]
[BlackElo "2283"]
[WhiteFideId "24620513"]
[BlackFideId "4654420"]
[EventDate "2012.03.06"]

1. d4 Nf6 2. Nf3 g6 3. g3 Bg7 4. Bg2 O-O 5. c4 d6 6. O-O Nbd7 7. Qc2 e5 8. e4
exd4 9. Nxd4 Re8 10. Rd1 a6 11. h3 Rb8 12. Nc3 c5 13. Nde2 Ne5 14. b3 b5 15. f4
Ned7 16. Bb2 b4 17. Nd5 Nxd5 18. cxd5 Bxb2 19. Qxb2 a5 20. Nc1 Ba6 21. Nd3 Qf6
22. Qxf6 Nxf6 23. e5 1/2-1/2

[Event "Reykjavik Open"]
[Site "Reykjavik ISL"]
[Date "2012.03.12"]
[Round "8.25"]
[White "Thorhallsson, Throstur"]
[Black "Karlsson, Bjorn-Ivar"]
[Result "1-0"]
[WhiteTitle "GM"]
[WhiteElo "2398"]
[BlackElo "2250"]
[WhiteFideId "2300109"]
[BlackFideId "2301687"]
[EventDate "2012.03.06"]

1. e4 c5 2. Nf3 Nc6 3. c3 e6 4. d4 d5 5. exd5 exd5 6. Bb5 Bd6 7. dxc5 Bxc5 8.
O-O Ne7 9. Nbd2 O-O 10. Nb3 Bd6 11. h3 Bf5 12. Re1 h6 13. Be3 Be4 14. Bf1 Re8
15. Nbd4 Rc8 16. Nd2 Bg6 17. Qb3 Na5 18. Qa4 a6 19. Qd1 Nc4 20. Nxc4 dxc4 21.
Qf3 Nd5 22. Bd2 Rxe1 23. Rxe1 Qd7 24. g3 Ne7 25. Bg2 b5 26. Qb7 Qxb7 27. Bxb7
Rc7 28. Bxa6 Ra7 29. Bxb5 Rxa2 30. Bxc4 Rxb2 31. Be3 Nf5 32. Nxf5 Bxf5 33. Bd4
Kf8 34. h4 Rb1 35. Rxb1 Bxb1 36. Kf1 f5 37. Ke2 f4 38. g4 Be4 39. Be6 Be7 40. h5
Bg5 41. f3 Bc6 42. c4 Bf6 43. Bxf6 gxf6 44. Bd5 Bd7 45. Be4 Ke7 46. Kd3 Kd6 47.
Kd4 Be8 48. c5+ Kc7 49. Bd5 Bd7 50. Ke4 Bc8 51. Kxf4 Bd7 52. Ke4 Bc8 53. Kd4 Bd7
54. Be4 Bc8 55. Bf5 Bb7 56. f4 Bf3 57. g5 1-0

[Event "Reykjavik Open"]
[Site "Reykjavik ISL"]
[Date "2012.03.12"]
[Round "8.26"]
[White "Arngrimsson, Dagur"]
[Black "Lasinskas, Povilas"]
[Result "1-0"]
[WhiteTitle "IM"]
[BlackTitle "FM"]
[WhiteElo "2361"]
[BlackElo "2170"]
[WhiteFideId "2301288"]
[BlackFideId "12800503"]
[EventDate "2012.03.06"]

1. e4 e5 2. Nf3 d6 3. d4 Nd7 4. Bc4 c6 5. O-O Qc7 6. Ng5 Nh6 7. a4 Nf6 8. f4 Be7
9. h3 b6 10. fxe5 dxe5 11. Nf3 exd4 12. e5 Nd5 13. Nxd4 Bd7 14. Bxd5 cxd5 15.
Nc3 Qc4 16. Kh1 O-O 17. Rf3 Bc5 18. Nce2 Rae8 19. Bxh6 gxh6 20. Qd2 Kh8 21. b3
Qa6 22. Qxh6 Be7 23. Raf1 f5 24. exf6 1-0

[Event "Reykjavik Open"]
[Site "Reykjavik ISL"]
[Date "2012.03.12"]
[Round "8.27"]
[White "Edvardsson, Kristjan"]
[Black "Gunnarsson, Jon Viktor"]
[Result "1/2-1/2"]
[BlackTitle "IM"]
[WhiteElo "2217"]
[BlackElo "2424"]
[WhiteFideId "2300893"]
[BlackFideId "2300931"]
[EventDate "2012.03.06"]

1. d4 Nf6 2. c4 c5 3. d5 b5 4. cxb5 a6 5. bxa6 g6 6. Nc3 Bxa6 7. g3 d6 8. Bg2
Nbd7 9. Nf3 Bg7 10. Rb1 O-O 11. O-O Qa5 12. Bd2 Ng4 13. Qc2 Nge5 14. Nxe5 Nxe5
15. b3 Rfb8 16. Rfe1 Qa3 17. Bc1 Qa5 18. Bd2 Qa3 19. Bc1 Qa5 1/2-1/2

[Event "Reykjavik Open"]
[Site "Reykjavik ISL"]
[Date "2012.03.12"]
[Round "8.28"]
[White "Vaarala, Eric"]
[Black "Thomassen, Joachim"]
[Result "1-0"]
[BlackTitle "IM"]
[WhiteElo "2241"]
[BlackElo "2400"]
[WhiteFideId "1711962"]
[BlackFideId "1504991"]
[EventDate "2012.03.06"]

1. c4 g6 2. Nc3 Bg7 3. g3 e5 4. Bg2 Nc6 5. Nf3 d6 6. O-O f5 7. Nd5 Nf6 8. d3 h6
9. Rb1 a5 10. a3 Nxd5 11. cxd5 Ne7 12. Nd2 O-O 13. b4 axb4 14. axb4 g5 15. Bb2
g4 16. f4 gxf3 17. Nxf3 Ng6 18. e4 h5 19. h4 f4 20. Ng5 Bg4 21. Bf3 fxg3 22.
Bxg4 hxg4 23. Qxg4 Nf4 24. Rxf4 1-0

[Event "Reykjavik Open"]
[Site "Reykjavik ISL"]
[Date "2012.03.12"]
[Round "8.29"]
[White "Langer, Michael"]
[Black "L'Ami, Alina"]
[Result "0-1"]
[WhiteTitle "FM"]
[BlackTitle "WGM"]
[WhiteElo "2217"]
[BlackElo "2372"]
[WhiteFideId "2015064"]
[BlackFideId "1210246"]
[EventDate "2012.03.06"]

1. e4 c5 2. Nf3 d6 3. d4 cxd4 4. Nxd4 Nf6 5. Nc3 a6 6. Be3 e5 7. Nf3 Be7 8. Bc4
O-O 9. O-O Qc7 10. Nd5 Nxd5 11. Bxd5 Nd7 12. c4 Nf6 13. Qb3 Nxd5 14. cxd5 Bg4
15. Rac1 Qd7 16. Nd2 b5 17. f3 Bh5 18. Rc6 f6 19. Rfc1 Rfc8 20. a4 Rcb8 21. axb5
axb5 22. Rc7 Qd8 23. Qc2 Be8 24. Nb3 Bd7 25. Qf2 Qe8 26. h3 f5 27. f4 Bd8 28.
Ra7 Rxa7 29. Bxa7 Ra8 30. exf5 exf4 31. Bb6 Bxb6 32. Qxb6 Bxf5 33. Rf1 Bc2 34.
Nd4 Qe3+ 35. Kh1 Be4 36. Qb7 Qxh3+ 0-1

[Event "Reykjavik Open"]
[Site "Reykjavik ISL"]
[Date "2012.03.12"]
[Round "8.30"]
[White "Dunn, Andrew"]
[Black "Vuilleumier, Alexandre"]
[Result "1/2-1/2"]
[WhiteTitle "CM"]
[BlackTitle "IM"]
[WhiteElo "2205"]
[BlackElo "2350"]
[WhiteFideId "401960"]
[BlackFideId "1305662"]
[EventDate "2012.03.06"]

1. Nf3 c5 2. c4 Nc6 3. d4 cxd4 4. Nxd4 g6 5. e4 Bg7 6. Be3 Nf6 7. Nc3 Ng4 8.
Qxg4 Nxd4 9. Qd1 Ne6 10. Qd2 O-O 11. Be2 b6 12. O-O Bb7 13. Rad1 d6 14. f3 Qd7
15. Nd5 Nc5 16. b4 Na4 17. Bd4 Rfd8 18. Bxg7 Kxg7 19. Rc1 e6 20. Qd4+ e5 21. Qd2
a5 22. a3 Bxd5 23. cxd5 axb4 24. axb4 Rdc8 25. Rxc8 Rxc8 26. Rc1 Kf8 27. h4
Rxc1+ 28. Qxc1 Ke8 29. Qc4 Ke7 30. Kf1 Qa7 31. Qc2 Qd7 32. Ba6 Kd8 33. Bd3 f6
34. Qc6 Qxc6 35. dxc6 Kc7 36. b5 Nc3 37. g4 d5 38. h5 gxh5 39. gxh5 dxe4 40.
fxe4 h6 41. Kg2 Na4 42. Kf3 Nc5 43. Bc4 Kd6 44. Bd5 Na4 45. Bc4 Nc5 1/2-1/2

[Event "Reykjavik Open"]
[Site "Reykjavik ISL"]
[Date "2012.03.12"]
[Round "8.31"]
[White "Bjornsson, Sverrir Orn"]
[Black "Sigfusson, Sigurdur"]
[Result "0-1"]
[BlackTitle "FM"]
[WhiteElo "2153"]
[BlackElo "2346"]
[WhiteFideId "2301954"]
[BlackFideId "2300168"]
[EventDate "2012.03.06"]

1. e4 c5 2. Nf3 d6 3. d4 cxd4 4. Nxd4 Nf6 5. Nc3 g6 6. g3 Bg7 7. Bg2 O-O 8. h3
a6 9. a4 Qc7 10. O-O Nc6 11. Nde2 Nb4 12. Be3 Bd7 13. Qd2 Bc6 14. Nd5 Nbxd5 15.
exd5 Bd7 16. a5 Qc8 17. Kh2 Bf5 18. Nd4 Be4 19. Bxe4 Nxe4 20. Qd3 Nc5 21. Qd2 e5
22. dxe6 fxe6 23. Rad1 d5 24. c4 e5 25. Nc2 d4 26. Bh6 Ne4 27. Qe2 Nxf2 0-1

[Event "Reykjavik Open"]
[Site "Reykjavik ISL"]
[Date "2012.03.12"]
[Round "8.32"]
[White "Mertens, Heiko"]
[Black "Bjornsson, Bjorn Freyr"]
[Result "1-0"]
[WhiteElo "2336"]
[BlackElo "2183"]
[WhiteFideId "24601616"]
[BlackFideId "2300834"]
[EventDate "2012.03.06"]

1. e4 e5 2. Nf3 Nc6 3. Bb5 a6 4. Ba4 Nf6 5. d3 b5 6. Bb3 Be7 7. c3 d6 8. h3 O-O
9. O-O Na5 10. Bc2 c5 11. Nbd2 Nc6 12. Re1 Ne8 13. d4 Bf6 14. dxc5 dxc5 15. Nf1
Nc7 16. Ne3 Be6 17. Qe2 Ne7 18. Rd1 Qc8 19. a4 Qb7 20. Ng4 Bxg4 21. hxg4 Nc6 22.
Be3 Be7 23. g3 Rfd8 24. Kg2 Rxd1 25. Rxd1 c4 26. Rh1 Ne6 27. Nd2 Rd8 28. axb5
axb5 29. Ra1 Ncd4 30. Qd1 Nxc2 31. Qxc2 Nc5 32. Bxc5 Bxc5 33. Nf3 Rd3 34. Qe2 f6
35. g5 f5 36. Re1 f4 37. Nxe5 fxg3 38. Nxd3 cxd3 39. Qxd3 gxf2 40. Rd1 1-0

[Event "Reykjavik Open"]
[Site "Reykjavik ISL"]
[Date "2012.03.12"]
[Round "8.33"]
[White "Marzano, Carlo"]
[Black "Johannesson, Ingvar Thor"]
[Result "1/2-1/2"]
[BlackTitle "FM"]
[WhiteElo "2164"]
[BlackElo "2331"]
[WhiteFideId "802980"]
[BlackFideId "2301490"]
[EventDate "2012.03.06"]

1. Nf3 c5 2. e4 e6 3. b3 Nc6 4. Bb2 a6 5. g3 d6 6. d4 cxd4 7. Nxd4 Bd7 8. Bg2
Nf6 9. O-O Qc7 10. c4 Be7 11. Nc3 O-O 12. Qd2 Rfd8 13. Rac1 Ne5 14. Kh1 Rac8 15.
f4 Ng6 16. Nf3 Qb8 17. Qe2 b5 18. Nd2 Bc6 19. Rc2 Qb7 20. Re1 b4 21. Nd1 Nd7 22.
Nf2 Bf6 23. Nf3 Bxb2 24. Rxb2 e5 25. f5 Ne7 26. Rd1 Nc5 27. Ne1 Rd7 28. Rbd2
Rcd8 29. g4 f6 30. h4 a5 31. Qe3 a4 32. Ned3 axb3 33. Nxc5 dxc5 34. axb3 Rd4 35.
Rxd4 cxd4 36. Qe1 Ra8 37. Nd3 Ra3 38. Qxb4 Qxb4 39. Nxb4 Rxb3 40. Nd5 Nc8 41. g5
Kf7 42. gxf6 gxf6 43. Ra1 d3 44. Bf3 d2 45. Bh5+ Kg7 46. Rg1+ Kh6 47. Nxf6 Rh3+
48. Kg2 Rxh4 49. Bf3 Kg5 50. Nxh7+ Kf4 51. Nf8 Ke3 52. Ng6 Rxe4 53. Bxe4 Bxe4+
54. Kg3 Nd6 55. Nxe5 Nxf5+ 56. Kh3 Ke2 57. Ng4 Nd4 58. Nf6 Bf5+ 59. Kg3 Nf3 60.
Ra1 Ne1 61. Nd5 Nc2 62. Nf4+ Ke3 63. Rd1 Be4 64. Nd5+ Kd3 65. Nf4+ Ke3 66. Nd5+
Kd3 67. Nf4+ Ke3 1/2-1/2

[Event "Reykjavik Open"]
[Site "Reykjavik ISL"]
[Date "2012.03.12"]
[Round "8.35"]
[White "Ingvason, Johann"]
[Black "Larsen, Karsten"]
[Result "0-1"]
[BlackTitle "FM"]
[WhiteElo "2132"]
[BlackElo "2321"]
[WhiteFideId "2301431"]
[BlackFideId "1404288"]
[EventDate "2012.03.06"]

1. e4 g6 2. d4 Bg7 3. Nf3 d6 4. Bd3 Nf6 5. O-O O-O 6. c4 Nc6 7. Nbd2 Nd7 8. Nb3
e5 9. d5 Ne7 10. Qc2 b6 11. Nh4 Bf6 12. Nf3 a5 13. Bh6 Bg7 14. Bxg7 Kxg7 15. a4
Nb8 16. g3 Ng8 17. Nh4 Bh3 18. Rfe1 Na6 19. Bf1 Bd7 20. f4 f6 21. Bg2 Nb4 22.
Qd2 Qe8 23. fxe5 fxe5 24. Rf1 Rxf1+ 25. Rxf1 Bxa4 26. Nc1 Bd7 27. Ne2 Qe7 28. h3
h6 29. Kh2 Rf8 30. Rxf8 Qxf8 31. Nc3 Nf6 32. Bf3 Na6 33. Qd1 Nc5 34. b3 Qc8 35.
g4 Nh7 36. Bg2 Qf8 37. Nf3 Qf4+ 38. Kh1 Qe3 39. Qd2 Qd3 40. Kg1 Nf6 41. Qxd3
Nxd3 42. Nd2 Nh7 43. Bf1 Nf4 44. Nf3 Kf6 45. Kf2 h5 46. Kg3 hxg4 47. hxg4 Ke7
48. g5 Kd8 49. Kh4 Nf8 50. Nh2 Bc8 51. Na4 Nd7 52. Ng4 Nb8 53. Nf6 Na6 54. Kg3
Nb4 55. Nb2 Nc2 56. c5 bxc5 57. Nc4 Bd7 58. Nxa5 Nd4 59. Ba6 Ke7 60. Bf1 c6 61.
Bc4 cxd5 62. Bxd5 Be6 63. Bxe6 Kxe6 64. Ne8 Kd7 65. Nf6+ Ke7 66. Kg4 Ke6 67. Ne8
Nd3 68. Nf6 Nc1 69. Nc4 Ncxb3 70. Ne3 Nd2 71. Ned5 c4 72. Nc3 N2b3 73. Nfd5 Nd2
74. Nf6 Nc6 75. Ncd5 Ne7 76. Nc7+ Kf7 77. Nb5 Nc8 78. Kg3 Nb3 79. Kf2 Nd4 80.
Nc3 Ne6 81. Nfd5 Nxg5 82. Ke3 Ne6 83. Na4 Nd4 84. Nb2 Ne7 85. Nc3 Ke6 86. Nxc4
g5 87. Kf2 Ng8 88. Ne3 Nf6 89. Kg3 Nb3 90. Nc4 Nc5 91. Kf3 Ncxe4 92. Nb5 g4+ 93.
Ke3 d5 94. Nc7+ Kf5 95. Nb2 d4+ 96. Ke2 Nc3+ 97. Kf2 e4 98. Na6 Kf4 99. Nc5 g3+
100. Kg2 Nh5 101. Ne6+ Ke5 102. Nc5 Kd5 103. Na6 d3 104. Nb4+ Kd4 105. Nc6+ Kc5
106. Na5 Kb4 107. Nbc4 Nb1 108. Nd6 Kxa5 109. Nxe4 d2 0-1

[Event "Reykjavik Open"]
[Site "Reykjavik ISL"]
[Date "2012.03.12"]
[Round "8.36"]
[White "Holm, Kristian Stuvik"]
[Black "Van Heirzeele, Daniel"]
[Result "1/2-1/2"]
[WhiteElo "2290"]
[BlackElo "2161"]
[WhiteFideId "1508083"]
[BlackFideId "200425"]
[EventDate "2012.03.06"]

1. c4 Nf6 2. Nc3 e6 3. e4 d5 4. e5 d4 5. exf6 dxc3 6. bxc3 Qxf6 7. d4 b6 8. Be2
Bb7 9. Bf3 Bxf3 10. Nxf3 Bd6 11. Qa4+ c6 12. O-O O-O 13. Be3 Qe7 14. Rfd1 c5 15.
dxc5 Bxc5 16. Bxc5 Qxc5 17. Qb5 Nc6 18. Qxc5 bxc5 19. Rd6 Rac8 20. Kf1 Rc7 21.
Rb1 Rfc8 22. Ke2 Kf8 23. Rb5 Ke7 24. Rd1 Nd8 25. Rdb1 f6 26. Nd2 1/2-1/2

[Event "Reykjavik Open"]
[Site "Reykjavik ISL"]
[Date "2012.03.12"]
[Round "8.37"]
[White "Murray, Mike"]
[Black "Ptacnikova, Lenka"]
[Result "1/2-1/2"]
[BlackTitle "WGM"]
[WhiteElo "2007"]
[BlackElo "2289"]
[WhiteFideId "2609126"]
[BlackFideId "305650"]
[EventDate "2012.03.06"]

1. e4 d5 2. Nc3 dxe4 3. Nxe4 Bf5 4. Qf3 Bxe4 5. Qxe4 c6 6. Bc4 Nf6 7. Qe2 e6 8.
Nf3 Bd6 9. O-O O-O 10. d4 Qc7 11. Bg5 Nbd7 12. Rae1 Nd5 13. c3 Rae8 14. g3 e5
15. dxe5 Nxe5 16. Nxe5 Rxe5 17. Qd2 Nb6 18. Bb3 h6 19. Rxe5 Bxe5 20. Be3 Rd8 21.
Qc1 Nd5 22. Rd1 a6 23. Bd4 Bxd4 24. Rxd4 Nf6 25. Rxd8+ Qxd8 26. Qe3 Qd7 27. Kg2
Ng4 28. Qf4 Nf6 29. h3 Qe7 30. Qd2 Nd7 31. Bc2 Nf8 32. Qd3 g6 33. Qe4 Qxe4+ 34.
Bxe4 Ne6 35. f4 Nc5 36. Bc2 Kf8 37. Kf3 Ke7 38. Ke3 Nd7 39. b4 b6 40. Bb3 Nf6
41. g4 g5 42. a4 Nd5+ 43. Bxd5 cxd5 44. f5 f6 45. Kd4 Kd6 46. Kd3 b5 47. axb5
axb5 48. Kd4 Kc6 49. Kd3 Kd7 50. Ke3 Kc7 51. Kd3 Kc6 52. Ke3 Kd6 53. Kd4 Kc6 1/2-1/2

[Event "Reykjavik Open"]
[Site "Reykjavik ISL"]
[Date "2012.03.12"]
[Round "8.38"]
[White "Lemeaux, David"]
[Black "Bjornsson, Eirikur K."]
[Result "1-0"]
[WhiteElo "2287"]
[BlackElo "2000"]
[WhiteFideId "613843"]
[BlackFideId "2301563"]
[EventDate "2012.03.06"]

1. d4 f5 2. g3 Nf6 3. Bg2 e6 4. b3 Be7 5. c4 O-O 6. Nf3 d6 7. Bb2 Qe8 8. Nbd2
Nc6 9. Qc2 Bd8 10. O-O e5 11. dxe5 dxe5 12. e4 f4 13. Qc3 fxg3 14. fxg3 Be7 15.
c5 b6 16. Ba3 a5 17. Kh1 Nb4 18. cxb6 cxb6 19. Nxe5 Ba6 20. Ndc4 Rc8 21. Qd2 Rd8
22. Qe2 Bc5 23. Bb2 Bd4 24. Bxd4 Rxd4 25. Qf2 Qd8 26. a3 Nd3 27. Nxd3 Rxd3 28.
Qc2 b5 29. Ne5 Rd2 30. Qc6 Rd6 31. Qc5 Re8 32. Nc6 Qc7 33. e5 Rxe5 34. Qxe5 Rxc6
35. Rfe1 Qb6 36. Bxc6 Qxc6+ 37. Kg1 Bb7 38. Qe6+ Qxe6 39. Rxe6 Bd5 40. Rb6 a4
41. Rxb5 Bxb3 42. Rxb3 axb3 1-0

[Event "Reykjavik Open"]
[Site "Reykjavik ISL"]
[Date "2012.03.12"]
[Round "8.39"]
[White "Kjartansson, Dagur"]
[Black "Cherednichenko, Svetlana"]
[Result "0-1"]
[BlackTitle "WGM"]
[WhiteElo "1528"]
[BlackElo "2279"]
[WhiteFideId "2303299"]
[BlackFideId "14105551"]
[EventDate "2012.03.06"]

1. c4 d6 2. Nc3 f5 3. g3 g6 4. d4 Nf6 5. Bg2 Bg7 6. e3 O-O 7. Nge2 e5 8. O-O Nc6
9. b3 e4 10. Bb2 Qe8 11. Nf4 Nd8 12. Ncd5 Nxd5 13. Nxd5 Rf7 14. Rc1 Ne6 15. Qe2
g5 16. Rc2 c6 17. Nc3 g4 18. Bxe4 fxe4 19. Nxe4 Qd8 20. c5 d5 21. Nd6 Rf3 22.
Nxc8 Rxc8 23. h4 Bf6 24. Kg2 Ng7 25. e4 dxe4 26. Qxe4 Qd7 27. Rd2 Re8 28. Qc2
Qd5 29. Qc4 Rf5+ 30. f3 gxf3+ 31. Rxf3 Rxf3 32. Qxd5+ cxd5 33. Kxf3 Kf7 34. b4
Nf5 35. b5 Re3+ 36. Kf2 Rxg3 37. a4 Bxh4 38. Ke2 Rg2+ 39. Kd3 Rxd2+ 40. Kxd2 Ke7
41. a5 Kd7 42. Kd3 Be1 0-1

[Event "Reykjavik Open"]
[Site "Reykjavik ISL"]
[Date "2012.03.12"]
[Round "8.40"]
[White "Johansen, Stian"]
[Black "Henriksson, Johan"]
[Result "0-1"]
[BlackTitle "FM"]
[WhiteElo "1961"]
[BlackElo "2279"]
[WhiteFideId "1508121"]
[BlackFideId "1703560"]
[EventDate "2012.03.06"]

1. d4 d5 2. c4 c6 3. Nf3 Nf6 4. Nc3 dxc4 5. a4 Bf5 6. e3 Na6 7. Bxc4 Nb4 8. O-O
e6 9. Qe2 Be7 10. e4 Bg4 11. Be3 O-O 12. Rac1 Qa5 13. h3 Bh5 14. Rfd1 Rfd8 15.
g4 Bg6 16. Nd2 h5 17. g5 Ne8 18. e5 Nd5 19. Nxd5 cxd5 20. Bb3 Rac8 21. Nf3 Qb4
22. Ba2 Qxa4 23. b3 Qa6 24. Qxa6 bxa6 25. Nh4 Bc2 26. Rd2 Be4 27. Rxc8 Rxc8 28.
f3 Bb4 29. fxe4 Bxd2 30. Bxd2 Rc2 31. Be3 Rxa2 32. exd5 exd5 33. g6 Nc7 34.
gxf7+ Kxf7 35. Nf5 Rb2 36. Nd6+ Ke6 0-1

[Event "Reykjavik Open"]
[Site "Reykjavik ISL"]
[Date "2012.03.12"]
[Round "8.41"]
[White "Thompson, Ian D"]
[Black "Thorsteinsson, Erlingur"]
[Result "1-0"]
[WhiteTitle "FM"]
[WhiteElo "2255"]
[BlackElo "2129"]
[WhiteFideId "405205"]
[BlackFideId "2301091"]
[EventDate "2012.03.06"]

1. c4 e5 2. g3 g6 3. d4 exd4 4. Qxd4 Qf6 5. Qd1 Bg7 6. Nf3 Qd8 7. Nc3 Nc6 8. Nd5
d6 9. Bg5 Nce7 10. Bg2 c6 11. Nc3 Be6 12. Qd3 h6 13. Bd2 d5 14. cxd5 Nxd5 15.
O-O Nxc3 16. Bxc3 Qxd3 17. exd3 Nf6 18. Nd4 Bd5 19. Rfe1+ Kd7 20. Bh3+ Kd8 21.
Rac1 Re8 22. Re3 Bxa2 23. Nxc6+ bxc6 24. Ba5# 1-0

[Event "Reykjavik Open"]
[Site "Reykjavik ISL"]
[Date "2012.03.12"]
[Round "8.43"]
[White "Bjarnason, Saevar"]
[Black "Thorfinnsson, Bjorn"]
[Result "0-1"]
[WhiteTitle "IM"]
[BlackTitle "IM"]
[WhiteElo "2092"]
[BlackElo "2416"]
[WhiteFideId "2300176"]
[BlackFideId "2300982"]
[EventDate "2012.03.06"]

1. d4 Nf6 2. c4 e6 3. Nc3 Bb4 4. e3 O-O 5. Bd3 Nc6 6. Nf3 Re8 7. Qc2 e5 8. Nxe5
Nxe5 9. dxe5 Rxe5 10. O-O b6 11. a3 Bf8 12. e4 d6 13. Bf4 Re8 14. Bg5 h6 15. Bh4
Bb7 16. Nd5 g5 17. Bg3 Bg7 18. f3 Nh5 19. Rad1 Nxg3 20. hxg3 Bd4+ 21. Kh2 c5 22.
g4 Kg7 23. g3 Bxd5 24. cxd5 Rh8 25. Kg2 Qf6 26. b3 h5 27. Rh1 h4 28. gxh4 Rxh4
29. Rxh4 gxh4 30. Rh1 Rh8 31. Rh3 Qf4 32. Qe2 Qc1 33. Qf1 Qxa3 34. f4 Qxb3 35.
g5 Qb2+ 36. Kh1 c4 37. Bxc4 Rc8 0-1

[Event "Reykjavik Open"]
[Site "Reykjavik ISL"]
[Date "2012.03.12"]
[Round "8.44"]
[White "Edvardsen, Ragnar"]
[Black "Haarr, Jon Kristian"]
[Result "0-1"]
[WhiteElo "2045"]
[BlackElo "2226"]
[WhiteFideId "1502719"]
[BlackFideId "1505963"]
[EventDate "2012.03.06"]

1. e4 c6 2. d4 d5 3. e5 Bf5 4. Nc3 e6 5. g4 Bg6 6. Nge2 c5 7. Be3 Nc6 8. h4 h5
9. Nf4 Bh7 10. Nxh5 cxd4 11. Bxd4 Bxc2 12. Qxc2 Nxd4 13. Qa4+ Nc6 14. Bb5 Ne7
15. O-O-O a6 16. Ne4 Rxh5 17. Bxc6+ Nxc6 18. gxh5 b5 19. Qb3 Na5 20. Qf3 Qc8+
21. Kb1 dxe4 22. Qxe4 Qc6 23. Qxc6+ Nxc6 24. f4 Ne7 25. Rh3 Rc8 26. Ra3 Nd5 27.
Rxa6 Nxf4 28. Ra7 Nd5 29. Rc1 Rb8 30. Rc6 Be7 31. Rca6 Bxh4 32. Ra8 Rxa8 33.
Rxa8+ Bd8 34. Rb8 b4 35. a4 bxa3 36. bxa3 Kd7 37. a4 Nc3+ 38. Kc2 Nxa4 39. Kd3
Nb6 40. Rb7+ Ke8 41. Kd4 Nd7 42. Rb5 Bc7 43. Ke4 Ke7 0-1

[Event "Reykjavik Open"]
[Site "Reykjavik ISL"]
[Date "2012.03.12"]
[Round "8.48"]
[White "Dougherty, Michael"]
[Black "Rodriguez Fonseca, Jorge"]
[Result "1/2-1/2"]
[WhiteTitle "FM"]
[WhiteElo "2195"]
[BlackElo "2003"]
[WhiteFideId "2601559"]
[BlackFideId "2224658"]
[EventDate "2012.03.06"]

1. Nf3 f5 2. d4 Nf6 3. c3 d5 4. Bg5 e6 5. Nbd2 Bd6 6. Ne5 O-O 7. f4 c5 8. e3 Qb6
9. Qb3 Nc6 10. Qxb6 axb6 11. Be2 Bxe5 12. fxe5 Ne4 13. Nxe4 fxe4 14. h4 h6 15.
Bf4 cxd4 16. cxd4 Nxd4 17. exd4 Rxf4 18. Bb5 Rf7 19. Rf1 Rc7 20. Be8 Re7 21. Bg6
Bd7 22. Kd2 Be8 23. h5 Rc7 24. Rac1 Bc6 25. a3 Rac8 26. Rc3 Bb5 27. Rf7 Rxc3 28.
bxc3 Ba6 29. Re7 Rf8 30. Rxe6 Rf2+ 31. Ke3 Re2+ 32. Kf4 Rf2+ 33. Kg3 Rf8 34. Re8
Rxe8 35. Bxe8 Kf8 36. Bd7 Ke7 37. Bc8 Kd8 38. Be6 Bc4 39. Kf4 b5 40. Bg4 Ke7 41.
Bc8 1/2-1/2

[Event "Reykjavik Open"]
[Site "Reykjavik ISL"]
[Date "2012.03.12"]
[Round "8.50"]
[White "Ragnarsson, Dagur"]
[Black "Olafsson, Thorvardur"]
[Result "0-1"]
[WhiteElo "1858"]
[BlackElo "2147"]
[WhiteFideId "2304058"]
[BlackFideId "2301148"]
[EventDate "2012.03.06"]

1. c4 Nf6 2. g3 g6 3. Bg2 Bg7 4. Nc3 O-O 5. e4 c5 6. Nge2 Nc6 7. d3 Ne8 8. Be3
Nd4 9. O-O d6 10. Rb1 a5 11. Nf4 Bd7 12. h4 Rb8 13. Bxd4 cxd4 14. Nb5 Bxb5 15.
cxb5 e6 16. b4 Nf6 17. Qb3 axb4 18. Qxb4 Qb6 19. Rfc1 Nd7 20. Ne2 Nc5 21. Qd2
Ra8 22. Rc4 Ra3 23. Nc1 Rfa8 24. Qc2 R8a5 25. Rcb4 0-1

[Event "Reykjavik Open"]
[Site "Reykjavik ISL"]
[Date "2012.03.12"]
[Round "8.51"]
[White "Skoien, Havard"]
[Black "Calder, Dennis"]
[Result "1-0"]
[WhiteElo "2121"]
[BlackElo "1948"]
[WhiteFideId "1503278"]
[BlackFideId "4697359"]
[EventDate "2012.03.06"]

1. d4 d5 2. c4 c6 3. Nf3 Nf6 4. Nc3 e6 5. Bg5 h6 6. Bxf6 Qxf6 7. e3 Nd7 8. Bd3
g6 9. O-O Bg7 10. Qd2 O-O 11. e4 dxc4 12. Bxc4 c5 13. d5 Ne5 14. Nxe5 Qxe5 15.
Rad1 a6 16. a4 Bd7 17. Qe3 Bxa4 18. Nxa4 b5 19. Nxc5 bxc4 20. Nd7 Qxb2 21. Nxf8
Rxf8 22. d6 Rd8 23. Qc5 Qb5 24. Qc7 Rd7 25. Qc8+ Kh7 26. Rb1 Qa4 27. Qc5 c3 28.
e5 Qf4 29. Rfe1 Qg4 30. Qxc3 Rxd6 31. Qc7 Rd5 32. Qxf7 Rxe5 33. Rec1 Qf5 34. Rb7
Qxf7 35. Rxf7 Kg8 36. Ra7 Rf5 37. Rxa6 Bd4 38. Rc2 Kf7 39. g3 g5 40. Kg2 g4 41.
Re2 Rf6 42. Ra3 h5 43. f3 gxf3+ 44. Rxf3 e5 45. Re4 Rxf3 46. Kxf3 Kg6 47. Re2
Kf5 48. Re4 Bg1 49. Rh4 Kg5 50. Ke4 Bd4 51. Kd5 Bc3 52. Ke6 Bd4 53. Re4 Kg6 54.
Rxe5 Bxe5 55. Kxe5 h4 56. g4 Kh6 57. Kf6 h3 58. Kf5 Kh7 59. Kg5 Kg7 60. Kh4 Kh6
61. Kxh3 Kg6 62. Kg3 Kf6 63. h4 Kg6 64. h5+ Kh6 65. Kf4 Kg7 66. g5 Kh7 67. g6+
Kh6 68. Kf5 1-0

[Event "Reykjavik Open"]
[Site "Reykjavik ISL"]
[Date "2012.03.12"]
[Round "8.52"]
[White "Sigurdarson, Emil"]
[Black "Eriksen, Magnus"]
[Result "1-0"]
[WhiteElo "1769"]
[BlackElo "2108"]
[WhiteFideId "2304163"]
[BlackFideId "1509764"]
[EventDate "2012.03.06"]

1. e4 c5 2. Nf3 d6 3. d4 cxd4 4. Nxd4 Nf6 5. Nc3 a6 6. Be3 e5 7. Nb3 Be6 8. f3
h5 9. Qd2 Nbd7 10. O-O-O Rc8 11. Kb1 b5 12. Be2 Nb6 13. Bxb6 Qxb6 14. g3 b4 15.
Nd5 Bxd5 16. exd5 Be7 17. Qd3 Ra8 18. g4 O-O 19. g5 Nd7 20. Qf5 Qc7 21. g6 Nf6
22. Bd3 a5 23. Rhg1 Qd7 24. gxf7+ Rxf7 25. Qg6 e4 26. fxe4 Bf8 27. e5 dxe5 28.
Bf5 Qd6 29. Be6 Ra7 30. Qxf6 1-0